000 00816nam a2200253 a 4500
001 BRCA_5258
005 20190320205015.0
008 301110s1946----sp-a######---#000-0#spa-#
041 _aspa
044 _asp
050 4 _aND801
_b.L34 1946
100 1 _aLafuente Ferrari, Enrique
_92561
245 1 0 _aBreve historia de la pintura española
_cpor Enrique Lafuente Ferrari.
250 _a3
260 _aMadrid
_bDossat
_c1946
300 _a551 p.
_bil., 110 láminas
_c22 cm.
440 0 _aColección síntesis de arte
_913468
500 _aIncluye cuadros sinópticos de la historia de la pintura española, índice geográfico e índice de ilustraciones
500 _aE77
504 _aIncluye referencias bibliográficas
650 1 4 _aPintura
_xHistoria
_zEspaña
_910308
902 _aGFM
942 _2lcc
_cB
999 _c4952
_d4952